|
|
|
|
| LEADER |
01235nam a2200313 a 4500 |
| 001 |
5853 |
| 003 |
BD-DhAAL |
| 005 |
20150206120041.0 |
| 008 |
130826s1985 cau b 000 0 eng d |
| 010 |
|
|
|a 85062111
|
| 020 |
|
|
|a 0803923023 (pbk.)
|
| 040 |
|
|
|a DLC
|c DLC
|d DLC
|d BD-DhAAL
|
| 050 |
0 |
0 |
|a HA29
|b .K4855 1985
|
| 082 |
0 |
0 |
|a 300/.1/5195
|2 19
|
| 100 |
1 |
|
|a Kiecolt, K. Jill.
|9 2775
|
| 245 |
1 |
0 |
|a Secondary analysis of survey data /
|c K. Jill Kiecolt, Laura E. Nathan.
|
| 260 |
|
|
|a Beverly Hills :
|b Sage Publications,
|c c1985.
|
| 300 |
|
|
|a 88 p. ;
|c 22 cm.
|
| 490 |
1 |
|
|a A Sage university paper. Quantitative applications in the social sciences ;
|v no. 07-053
|
| 504 |
|
|
|a Includes bibliography (p.82-87).
|
| 541 |
|
|
|e 5853
|
| 650 |
|
0 |
|a Social sciences
|x Statistical methods.
|9 2776
|
| 650 |
|
0 |
|a Social sciences
|x Statistical services.
|9 2777
|
| 650 |
|
0 |
|a Social surveys.
|9 1594
|
| 700 |
1 |
|
|a Nathan, Laura E.
|9 2778
|
| 830 |
|
0 |
|a Sage university papers series.
|p Quantitative applications in the social sciences ;
|v no. 07-053.
|9 2448
|
| 942 |
|
|
|2 ddc
|c BK
|
| 999 |
|
|
|c 13886
|d 13886
|
| 952 |
|
|
|0 0
|1 0
|2 ddc
|4 0
|6 300_151950000000000_KIE
|7 0
|9 23236
|a BRACUL
|b BRACUL
|c GEN
|d 2013-08-26
|l 0
|o 300.15195 KIE
|p 3010005853
|r 2013-08-26
|t 1
|w 2013-08-26
|y BK
|